MAASAI MARA UNIVERSITY

LIBRARY CATALOGUE

Contact Us: +254 020 2685356/7 or 0774 057787

Box: 861-20500, NAROK, KENYA

Email: info@mmarau.ac.ke

Ore,Tracy E. (Record no. 136)

MARC details
000 -LEADER
fixed length control field 00433nam a2200145Ia 4500
008 - FIXED-LENGTH DATA ELEMENTS--GENERAL INFORMATION
fixed length control field 151015s9999 xx 000 0 und d
020 ## - INTERNATIONAL STANDARD BOOK NUMBER
International Standard Book Number 9.7800733801e+012
050 ## - LIBRARY OF CONGRESS CALL NUMBER
Classification number HN59.2.S585 2008
245 ## - TITLE STATEMENT
Title Ore,Tracy E.
250 ## - EDITION STATEMENT
Edition statement _The social Construction of Difference And Inequality Race Class Gender And Sexuality
260 ## - PUBLICATION, DISTRIBUTION, ETC. (IMPRINT)
Place of publication, distribution, etc. 4th ed
300 ## - PHYSICAL DESCRIPTION
Extent USA MCGraw-hill 2000
650 ## - SUBJECT ADDED ENTRY--TOPICAL TERM
Topical term or geographic name as entry element _Race
700 ## - ADDED ENTRY--PERSONAL NAME
Personal name ^d20110113 11:03:07^okorir

No items available.

© 2016 Maasai Mara University.